Football : Olympique de Marseille - Statistiques

Statistiques générales
  • Ce quiz a été pris 1 224 fois
  • Le résultat moyen est 18 sur 24
Statistiques - réponses
Questions Réponses % Correct
Quelle équipe affronte-t-elle lors de L'Olympico ? Olympique Lyonnais
100%
Que signifie les lettres OM ? Olympique de Marseille
99%
Quelles sont les 2 couleurs majoritaires sur le maillot de l'OM ? Blanc Bleu
98%
Quelle est le nom du stade de l'OM ? Orange Vélodrome
97%
Quelle équipe affronte-t-elle lors du Classique ? Paris Saint-Germain
95%
En quelle année Marseille a-t-elle remporté la seule Ligue des Champions dans l'histoire du football français ? 1993
93%
Quel iconique gardien est le joueur le plus capé de l'OM ? Steve Mandanda
92%
Combien de titres de champion de France l'OM a-t-il remporté, la classant au 3ème rang national ? 9
89%
Quelle équipe, sans doute la meilleure à l'échelle européenne à l'époque, était son adversaire ? AC Milan
86%
Quel défenseur central a marqué l'unique but lors de cette finale de Ligue des Champions ? Basile Boli
85%
Quel autre joueur français de la même époque a terminé troisième du Ballon d'Or en 2013, évoluant alors au Bayern Munich ? Franck Ribéry
82%
Quel président, également homme politique controversé, a dirigé l'OM durant la grande époque européenne ? Bernard Tapie
81%
Quel entraîneur italien de l'OM, provenant de Brighton, a ramené ses idées tactiques dans la cité phocéenne en 2024 ? Roberto De Zerbi
81%
En quelle année le club de Marseille a-t-il été créé ? 1899
80%
En quelle année l'OM a-t-il glané son dernier titre ? 2012
79%
En provenance de Guingamp, quel joueur ivoirien a illuminé la cité phocéenne au début des années 2000 ? Didier Drogba
77%
Quel attaquant, alors joueur de l'OM quelques années auparavant, évoluait du côté de cette équipe ? Jean-Pierre Papin
77%
Contre quelle équipe l'OM a disputé sa dernière finale européenne, lors de la saison 2017-2018 ? Atlético de Madrid
76%
Quel joueur était surnommé le "petit prince du Vélodrome" avant de signer à Arsenal ? Samir Nasri
72%
Quelle tribune est considérée comme la plus chaude de France ? Virage Nord
69%
Quel entraîneur belge a fait renaître l'OM au crépuscule des années 2000, sans pour autant gagner de trophées ? Eric Gerets
30%
Comment s'appelle l'affaire de corruption qu'a connu l'OM durant l'année 1993 ? VAOM
30%
Quel attaquant suédois est le meilleur buteur de l'OM ? Gunnar Andersson
28%
Qui était l'entraîneur de cette équipe ? Raymond Goethals
28%
Aucun quiz correspondant
Distribution des résultats
% des personnes avec chaque résultat
Percentile par nombre de réponses
Votre historique - résultats
Vous n’avez pas pris ce quiz